00937nam a2200217 i 4500001000300000245018100003260003200184300002800216500007900244504002800323650002900351655002900380700002300409710007000432020001500502040000800517041001100525080004400536008004100580856009800621bg00aKontrowersje wokół korzyści i kosztów integracji Polski z Unią Europejską /cpod red. Zofii Dach ; Wyższa Szkoła Przedsiębiorczości i Marketingu w Chrzanowie. aChrzanów :bWSPiM,c1999. a351 s. :bil. ;c24 cm. aRef. z konferencji naukowej, 21 maja 1999 r., Chrzanów. - Streszcz. ang. aWykaz aktów prawnych. 9aPolska a Unia Europejska aMateriały konferencyjne1 aDACH, Zofia.eRed. 0aWyższa Szkoła Przedsiębiorczości i Marketingu (Chrzanów) a8390764822 cBPK0 aplben a338.22:327.39](438:4-67)"1989/..."(061) s pl f |000 0 pol  uhttp://koha.tu.koszalin.pl/cgi-bin/koha/opac-detail.pl?biblionumber=36403yKatalog online BPK